W jakim Animatroniku są te postacie z Fnaf - Statystyki

Ogólne statystyki
  • Ten quiz został rozwiązany 32 razy
  • Średni wynik to 5 z 9
Statystyki odpowiedzi
Podpowiedź odpowiedź % Poprawnych
William Afton Springtrap
96%
Cassidy Golden Freddy
83%
C.C.Afton/Evan Afton Golden Freddy
83%
Elizabeth Afton Circus Baby
74%
Gabriel Freddy Fazbear
43%
Susie Chica the Chicken
39%
Jeremy Bonnie the Bunny
35%
Michael Afton Glamrock Freddy
35%
Fritz Foxy the Pirate Fox
17%
Nie znaleziono quizów pasujących do podanych kryteriów
Rozkład punktacji
Procent ludzi z każdym wynikiem
Percentyl według liczby udzielonych odpowiedzi
Twoja historia wyników
Nie rozwiązałeś tego quizu